Easy General Knowledge #6 - Statistics

General Stats
  • This quiz has been taken 107 times
  • The average score is 17 of 20
Answer Stats
Question Answer % Correct
Name the red liquid that circulates around your body. Blood
100%
Which popular holiday celebrates the birth of Christ? Christmas
99%
Where does pasta origniate from? Italy
99%
And finally, what is the first prime number? 2
98%
Who is the official mascot of Disney? Mickey Mouse
95%
What major event ended on 2nd September, 1945? World War II
95%
The colours of the rainbow are red, orange, yellow, _____, blue, indigo, and violet. Green
94%
Name 2 incredibly famous celebrities that has the initials 'MJ'. Michael Jackson/Michael Jordan
94%
What is the largest country in the world, in terms of area? Russia
94%
COVID-19 officially became a pandemic during what year? 2020
92%
Complete the sentence: Revenge is a dish best served ____ Cold
90%
Singer who famously sang 'Poker Face'. Lady Gaga
89%
Who is famed for his work on 'The Mona Lisa?' Leonardo Da Vinci
86%
What is the first element on the periodic table? Hydrogen
85%
The device Steve Jobs created in 2007. (Hint: Handheld device) iPhone
85%
A triangle has 3 of them. A square has 4 of them. What are they? Sides
82%
Which major franchise has 'Golden Arches' as its logo? McDonald's
77%
Who is sometimes known as CR7? Cristiano Ronaldo
72%
What is the largest desert in the world? Antarctica
61%
Name the date of USA's independence. July 4th, 1776
55%
No matching quizzes found
Score Distribution
Percent of People with Each Score
Percentile by Number Answered
Your Score History
You have not taken this quiz